| 000 | 00719nam a22002177a 4500 | ||
|---|---|---|---|
| 005 | 20180227153543.0 | ||
| 010 | _a1617EN | ||
| 020 |
_a9781315750040 _c1995.00 |
||
| 035 | _aB-664902 | ||
| 037 |
_aDPL _bUPPAL |
||
| 082 | _a485 | ||
| 100 | _aDowning, Angela | ||
| 245 |
_aEnglish grammar: _cby Angela Downing _ba university course / |
||
| 250 | _a3th ed | ||
| 260 |
_aNew York _bRoutledge _c2016 |
||
| 270 |
_a711 third avenue _bNew York _eNY 10017 |
||
| 300 |
_axix,529p. _c25cm(pbk) |
||
| 500 | _ainculds index | ||
| 942 |
_2ddc _cEN _h485 _mDOW |
||
| 999 |
_c102141 _d102141 |
||